A first course in fourier analysis / (Record no. 11354)

MARC details
000 -LEADER
fixed length control field 01456cam a2200337 i 4500
001 - CONTROL NUMBER
control field 15002992
003 - CONTROL NUMBER IDENTIFIER
control field EG-ScBUE
005 - DATE AND TIME OF LATEST TRANSACTION
control field 20241009110244.0
008 - FIXED-LENGTH DATA ELEMENTS--GENERAL INFORMATION
fixed length control field 070911s2007 enka f b 001 0 eng d
020 ## - INTERNATIONAL STANDARD BOOK NUMBER
International Standard Book Number 9780521709798 (pbk. : alk. paper)
020 ## - INTERNATIONAL STANDARD BOOK NUMBER
International Standard Book Number 0521709792 (pbk. : alk. paper)
035 ## - SYSTEM CONTROL NUMBER
System control number (OCoLC)ocn171287710
035 ## - SYSTEM CONTROL NUMBER
System control number (OCoLC)171287710
Canceled/invalid control number (OCoLC)153555993
040 ## - CATALOGING SOURCE
Original cataloging agency DLC
Language of cataloging eng
Description conventions rda
Transcribing agency DLC
Modifying agency UKM
-- BAKER
-- YDXCP
-- BTCTA
-- C#P
-- OCLCG
-- DLC
-- EG-ScBUE
082 04 - DEWEY DECIMAL CLASSIFICATION NUMBER
Classification number 515.2433
Edition number 22
Item number KAM
100 1# - MAIN ENTRY--PERSONAL NAME
Personal name Kammler, David W.,
Dates associated with a name 1940-
Relator term author.
9 (RLIN) 3946
245 12 - TITLE STATEMENT
Title A first course in fourier analysis /
Statement of responsibility, etc David W. Kammler, Department of Mathematics, Southern Illinois University at Carbondale.
250 ## - EDITION STATEMENT
Edition statement Revised edition.
264 #1 - PUBLICATION, DISTRIBUTION, ETC. (IMPRINT)
Place of publication, distribution, etc Cambridge :
Name of publisher, distributor, etc Cambridge University Press,
Date of publication, distribution, etc 2007.
300 ## - PHYSICAL DESCRIPTION
Extent 1 volume (various pagings) :
Other physical details illustrations ;
Dimensions 25 cm
336 ## - CONTENT TYPE
Source rdacontent
Content type term text
Content type code txt
337 ## - MEDIA TYPE
Media type term unmediated
Source rdamedia
Media type code n
338 ## - CARRIER TYPE
Carrier type term volume
Carrier type code nc
Source rdacarrier
504 ## - BIBLIOGRAPHY, ETC. NOTE
Bibliography, etc Includes bibliographical references and index.
650 #7 - SUBJECT ADDED ENTRY--TOPICAL TERM
Topical term or geographic name as entry element Fourier analysis.
Source of heading or term BUEsh
9 (RLIN) 3947
655 ## - INDEX TERM--GENRE/FORM
Form subdivision Reading book
856 41 - ELECTRONIC LOCATION AND ACCESS
Materials specified Table of contents only
Uniform Resource Identifier <a href="http://www.loc.gov/catdir/enhancements/fy0803/2007037663-t.html">http://www.loc.gov/catdir/enhancements/fy0803/2007037663-t.html</a>
856 42 - ELECTRONIC LOCATION AND ACCESS
Materials specified Publisher description
Uniform Resource Identifier <a href="http://www.loc.gov/catdir/enhancements/fy0803/2007037663-d.html">http://www.loc.gov/catdir/enhancements/fy0803/2007037663-d.html</a>
942 ## - ADDED ENTRY ELEMENTS (KOHA)
Source of classification or shelving scheme Dewey Decimal Classification
Koha item type Book - Borrowing
Holdings
Withdrawn status Lost status Source of classification or shelving scheme Damaged status Not for loan Collection code Home library Current library Shelving location Date acquired Source of acquisition Cost, normal purchase price Serial Enumeration / chronology Total Checkouts Full call number Barcode Date last seen Price effective from Koha item type
    Dewey Decimal Classification     Baccah Central Library Central Library First floor 21/04/2009 Purchase 416.00 7117   515.2433 KAM 000016055 15/07/2025 21/04/2009 Book - Borrowing